000 00843nam a2200265 a 4500
001 25039
003 BD-RjUL
005 20211209050824.0
008 140316t1983 ii fa b 001 0 eng
020 _a0706919696 :
035 _a(BD-RjUL)25108
040 _aDLC
_cDLC
_dDLC
_dBD-RjUL
_beng
041 _aeng
082 0 0 _a355.150954
_219
_bKAR 1983
100 1 _aKapur, Teg Bahadur,
_d1922-
_977026
245 1 0 _aRegimental colours and ceremonials in the Indian Army /
_cTeg Bahadur Kapur.
260 _aNew Delhi :
_bVikas,
_cc1983.
300 _ax, 208 p., [8] p. of plates :
_bill. ;
_c23 cm.
504 _aincludes bibliographical reference and index.
610 1 0 _aIndia.
_bArmy
_918179
650 0 _aMilitary ceremonies, honors, and salutes
_zIndia.
_977027
942 _2ddc
_cBK
999 _c25039
_d25039